000 00506nam a2200181Ia 4500
008 151018s9999 xx 000 0 und d
082 _bRBASDV16988
_a891.463
100 _aपु भा भावे
245 _aव्याध
250 _b1
260 _bमेनका प्रकाशन पुणे
_c1982
300 _a120
600 _aपु भा भावे
630 _aव्याध
700 _aपु भा भावे
730 _aव्याध
942 _cBOOK
999 _c1017674
_d1017671